Normal view
MARC view
Entry Personal Name
001 - CONTROL NUMBER
- control field: 261164
003 - CONTROL NUMBER IDENTIFIER
- control field: OSt
005 - DATE AND TIME OF LATEST TRANSACTION
- control field: 20260409145449.0
008 - FIXED-LENGTH DATA ELEMENTS
- fixed length control field: 260409|| aca||aabn | a|a d
040 ## - CATALOGING SOURCE
- Original cataloging agency: OSt
- Transcribing agency: OSt
100 ## - HEADING--PERSONAL NAME
- Personal name: KHARATE (Madhu)
- Dates associated with a name: खराटे (मधु)
670 ## - SOURCE DATA FOUND
- Source citation: Work cat.: (OSt)136897: KHARATE (Madhu) खराटे (मधु), Mediya aur hindi, 2008